000 00926nam#a22003015a#4500
001 2306
008 140512s2013####ag############000#0#und#d
245 1 0 _aLatinoamérica en voz :
_bCuentos y Leyendas /
_cBeatriz Falero... [et. al] . ilustraciones de Pablo Cabrera.
250 _a1ª ed.
260 _aBuenos Aires :
_bAbran cancha,
_c2013.
300 _a64 p. ;
_bil. byn. ;
_c20 cm.
490 0 _aOído leído / Adela Basch
500 _aContiene CD.
020 _a9789871865246
100 1 _aFalero, Beatriz.
700 1 _aHidalgo Castellanos,Ana.
_4aut
700 1 _aLa Rosa, Juana.
_4aut
700 1 _aMendelewicz, Moisés.
_4aut
700 1 _aRomero Plaza, Juan Patricio.
_4aut
700 1 _aCabrera, Plablo.
_4ill
080 _a82-343 (08)(0.34.4)
084 _aL28 t1
653 _aLiteratura infantil y juvenil
040 _aAR-ClEAG
_cAR-ClEAG
005 20241107184740.0
003 AR-ClEAG
942 _cBK
999 _c2306
_d2306
980 _62
_aEvangelina Gallicchio
_82
_gEvangelina Gallicchio